000 01195nam a2200289 a 4500
001 000044619
005 20201002045514.0
008 141209s2014 dr abc 000 0 spa d
020 _a9789945887945
040 _aDO-SdBNP
_bspa
_cBNPHU
082 _a972.9358
_bF363p
100 1 _aFernández, Félix
_911384
245 1 0 _aPuerto Plata /
_cFélix Fernández ; fotografía cubiertas Anthony Grullón, Anne Casale, Francisco Salguero.
260 _aSanto Domingo :
_bCCN,
_bLunwerg,
_c2014.
300 _a310 p. :
_bil., mapas, retrs. ;
_c30 cm.
490 1 _aOrgullo de mi tierra
_v5
650 4 _aCiudades y pueblos
_zRepública Dominicana, Puerto Plata
_xHistoria
_972637
651 4 _aPuerto Plata (República Dominicana{Rpara}
_xHistoria Local
_91943
651 4 _aPuerto Plata ( República Dominicana{Rpara}
_xVida Social Y Costumbres
_923251
700 1 2 _aGrullón, Anthony,
_efot.
_972638
700 1 2 _aCasale, Anne,
_efot.
_972639
700 1 2 _aSalguero, Francisco,
_efot.
_972640
700 1 2 _aTouzón, Raúl,
_efot.
_972641
710 2 2 _aCentro Comercial Nacional (República Dominicana)
_972642
830 0 _aOrgullo de mi tierra ;
_n5
_972643
910 _aValidado. Control de calidad MFF
999 _c44108
_d44108